书目信息 |
| 题名: |
商用密码知识与政策干部读本
|
|
| 作者: | 徐汉良 主编 | |
| 分册: | ||
| 出版信息: | 北京 人民出版社 2017.10 |
|
| 页数: | 255页 | |
| 开本: | 24cm | |
| 丛书名: | ||
| 单 册: | ||
| 中图分类: | TN918.1 | |
| 科图分类: | ||
| 主题词: | 密码学--干部教育--学习参考资料 | |
| 电子资源: | ||
| ISBN: | 978-7-01-018400-5 | |
| 000 | 00895nam0 2200217 450 | |
| 001 | 4974 | |
| 005 | 20181013164044.92 | |
| 010 | @a978-7-01-018400-5@dCNY56.00 | |
| 100 | @a20180217d2017 em y0chiy50 ea | |
| 101 | 0 | @achi |
| 102 | @aCN@b110000 | |
| 105 | @aa z 000yy | |
| 200 | 1 | @a商用密码知识与政策干部读本@9shang yong mi ma zhi shi yu zheng ce gan bu du ben@f徐汉良主编@g《商用密码知识与政策干部读本》编委会[编] |
| 210 | @a北京@c人民出版社@d2017.10 | |
| 215 | @a255页@c彩图@d24cm | |
| 330 | @a本书以习近平总书记网络强国战略思想为指引,以总体国家安全观为统领,深刻阐述了以密码为核心技术和基础支撑的网络安全观。既是对商用密码发展历程的回顾,也是对商用密码知识政策的传播,更是对新形势下推动商用密码应用的动员。 | |
| 606 | 0 | @a密码学@x干部教育@j学习参考资料 |
| 690 | @aTN918.1@v5 | |
| 701 | 0 | @a徐汉良@9xu han liang@4主编 |
| 801 | 0 | @aCN@b91MARC@c20180217 |
| 905 | @aMuseLib@dTN918.1@e188 | |
| 商用密码知识与政策干部读本/徐汉良主编/《商用密码知识与政策干部读本》编委会[编].-北京:人民出版社,2017.10 |
| 255页:彩图;24cm |
| ISBN 978-7-01-018400-5:CNY56.00 |
| 本书以习近平总书记网络强国战略思想为指引,以总体国家安全观为统领,深刻阐述了以密码为核心技术和基础支撑的网络安全观。既是对商用密码发展历程的回顾,也是对商用密码知识政策的传播,更是对新形势下推动商用密码应用的动员。 |
| ● |
| 相关链接 |
|
|
|
|
正题名:商用密码知识与政策干部读本
索取号:TN918.1/188
 
预约/预借
| 序号 | 登录号 | 条形码 | 馆藏地/架位号 | 状态 | 备注 |
| 1 | 1127524 | 211275243 | 第二样本阅览室/ [索取号:TN918.1/188] | 在馆 | |
| 2 | 1127525 | 211275252 | 第三借阅区/ [索取号:TN918.1/188] | 在馆 | |
| 3 | 1127526 | 211275261 | 第三借阅区/ [索取号:TN918.1/188] | 在馆 | |
| 4 | 1127527 | 211275270 | 第三借阅区/ [索取号:TN918.1/188] | 在馆 | |
| 5 | 1127528 | 211275289 | 第三借阅区/ [索取号:TN918.1/188] | 在馆 |